Goodneighbor Characters Fallout 4 - Statistics

General Stats
  • This quiz has been taken 76 times
  • The average score is 10 of 18
Answer Stats
Hint Answer % Correct
The Mayor John Hancock
85%
Ghoul woman who hates the mayor Bobbi No-Nose
83%
Assaultron that sells weapons KL-E-0
79%
Mercanery Companion Robert Joseph MacCready
74%
Has her own store Daisy
70%
Doctor of the town Doctor Amari
70%
Works for Vault-Tec Vault-Tec Rep
70%
Jazz singer Magnolia
68%
Obsessed with the Silver Shroud Kent Connolley
62%
Bodyguard of the mayor Fahrenheit
53%
Woman who can be found at the Memory Den Irma
53%
Gets killed when you enter the town Finn
43%
Drug kingpin Marowski
42%
Sells drugs to children AJ
40%
Chems merchant in Hotel Rexford Fred Allen
26%
Rents hotel rooms at Hotel Rexford Clair Hutchins
25%
Bodyguard of the drug kingpin Stan Slavin
21%
Murderer Wayne Delancy
13%
No matching quizzes found
Score Distribution
Percent of People with Each Score
Percentile by Number Answered
Your Score History
You have not taken this quiz